000 00508nam a2200169 4500
001 136662
003 ES-MaACL
005 20230906195209.0
007 t|
008 070214s1963 ag r ||||1| spa d
100 1 _aSagan, Françoise.
_9101401
245 1 1 _a¿Le gusta Brahms? /
_cFrançoise Sagan ; traducción de C. Paytuvi.
260 _aBuenos Aires :
_bPlaza & Janés,
_c1963.
300 _a150 p. ;
_c18 cm.
700 0 _aPaytuví de Sierra, Carlos.
_989742
852 _aES-MaACL
_jC-22920
_bR.51653
999 _c136662
_d136662